[Event "AUTO-OPEN-4034"]
[Site "http://www.queenalice.com/game.php?id=1576799"]
[Date "2019.7.9"]
[Round "2"]
[White "lfcanales"]
[Black "K_I_D"]
[Result "0-1"]
[WhiteElo "2053"]
[BlackElo "2252"]

1. e4 e6 2. d4 d5 3. e5 c5 4. c3 Nc6 5. Bb5 Qa5 6. Bxc6+ bxc6 7. Bd2 Qb6 8. b3
Ba6 9. Nf3 cxd4 10. Nxd4 Ne7 11. Be3 c5 12. Nf3 h6 13. Nbd2 Nf5 14. Bf4 g5 15.
Be3 d4 16. cxd4 cxd4 17. Nxd4 Nxd4 18. Nf3 Nxf3+ 19. Qxf3 Qa5+ 20. Bd2 Qxe5+ 0-1

[Event "AUTO-OPEN-4034"]
[Site "http://www.queenalice.com/game.php?id=1576804"]
[Date "2019.7.9"]
[Round "2"]
[White "LOMBARDY"]
[Black "lfcanales"]
[Result "0-1"]
[WhiteElo "2238"]
[BlackElo "2032"]

1. d4 d5 2. c4 e6 3. Nc3 Bb4 4. Nf3 h6 5. e3 Nf6 6. Bd3 O-O 7. O-O Nc6 8. Ne2
Re8 9. c5 e5 10. Bb5 e4 11. Bxc6 exf3 12. Bxe8 fxe2 13. Bxf7+ Kxf7 14. Qxe2 c6
15. a3 Ba5 16. b4 Bc7 17. f3 Kg8 18. Qd3 Qe7 19. Bb2 Bd7 20. Rae1 Qf7 21. e4 Qg6
22. Qe2 Bf4 23. e5 Re8 24. Qf2 Nh7 25. Kh1 Qh5 26. g3 Bg5 27. f4 Bd8 28. Bc1 Bf5
29. Kg1 Bh3 30. f5 Bxf1 31. Rxf1 Ng5 32. Kh1 Ne4 33. Qg2 Bg5 34. Bxg5 Nxg5 35.
g4 Qh4 36. a4 Ne4 37. Kg1 Nc3 38. Qf3 Ne4 39. Qg2 Qg5 40. Qe2 h5 41. h4 Qxh4 42.
gxh5 Ng3 0-1

[Event "AUTO-OPEN-4034"]
[Site "http://www.queenalice.com/game.php?id=1576805"]
[Date "2019.7.9"]
[Round "2"]
[White "lfcanales"]
[Black "LOMBARDY"]
[Result "1/2-1/2"]
[WhiteElo "1992"]
[BlackElo "2209"]

1. e4 c6 2. d4 d5 3. e5 Bf5 4. c4 e6 5. c5 Bxb1 6. Rxb1 Qa5+ 7. b4 Qc7 8. b5 b6
9. cxb6 axb6 10. a4 Ne7 11. Nf3 Ng6 12. Be3 Be7 13. Bd3 c5 14. dxc5 Bxc5 15.
Bxc5 Qxc5 16. Rc1 Qb4+ 17. Qd2 Qxd2+ 18. Kxd2 O-O 19. Rc7 Rd8 20. Bxg6 hxg6 21.
Rhc1 Nd7 22. Nd4 Nxe5 23. Ra1 Nc4+ 24. Ke2 Kf8 25. f4 Ke8 26. Nc6 Rd7 27. Rxd7
Kxd7 28. g4 f6 29. Kf3 Nb2 30. a5 bxa5 31. Rxa5 Rxa5 32. Nxa5 Kc7 33. Nb3 Nc4
34. Ke2 Kd6 35. Kd3 e5 36. fxe5+ Nxe5+ 37. Kd4 Nxg4 38. h4 Ne5 39. Na5 g5 40.
hxg5 Nf3+ 41. Ke3 Nxg5 42. b6 Ne6 43. Kf3 f5 44. Ke3 g5 45. Kf3 Nd8 46. Ke3 Ne6
47. Kf3 g4+ 48. Ke3 d4+ 49. Ke2 Nc5 50. Kf2 f4 51. Ke2 g3 52. Kf3 d3 53. Kg2 d2
54. Nc4+ Kc6 55. Nxd2 Kxb6 56. Nf1 Ne4 57. Kf3 Kc5 58. Kg2 Kd4 59. Kf3 Ke5 60.
Kg2 Ng5 61. Nxg3 f3+ 62. Kf2 Kf4 63. Ne2+ Kg4 64. Kf1 Nh3 65. Nd4 f2 66. Nc2 Kf3
67. Ne1+ Kg3 68. Nd3 Kf3 1/2-1/2

[Event "AUTO-OPEN-4053"]
[Site "http://www.queenalice.com/game.php?id=1580659"]
[Date "2019.8.18"]
[Round "2"]
[White "uschmidi"]
[Black "lfcanales"]
[Result "1-0"]
[WhiteElo "2100"]
[BlackElo "2058"]

1. e4 e5 2. Nf3 Nc6 3. d4 exd4 4. Nxd4 Nxd4 5. Qxd4 c5 6. Qe5+ Qe7 7. Qf4 d6 8.
Bc4 Nf6 9. Nc3 Be6 10. Bb5+ Bd7 11. Bd3 Qe6 12. O-O Be7 13. b3 O-O 14. h3 Nh5
15. Qf3 Qe5 16. Nd5 Bd8 17. Bd2 Bc6 18. Bc3 Qg5 19. Bc4 b5 20. Be2 Bxd5 21. exd5
Nf6 22. Bxb5 Nxd5 23. Bc6 Bc7 24. Bxd5 Rab8 25. Rfe1 Bd8 26. Re4 Qxd5 27. Rg4
Qxf3 28. Rxg7+ Kh8 29. gxf3 d5 30. Rxf7+ Kg8 31. Rg7+ Kh8 32. Rb7+ 1-0

[Event "AUTO-OPEN-4053"]
[Site "http://www.queenalice.com/game.php?id=1580660"]
[Date "2019.8.18"]
[Round "2"]
[White "lfcanales"]
[Black "uschmidi"]
[Result "0-1"]
[WhiteElo "2035"]
[BlackElo "2095"]

1. e4 e5 2. f4 d6 3. Nf3 exf4 4. d4 Bg4 5. Bxf4 Bxf3 6. gxf3 Qf6 7. Bg3 Nh6 8.
Nc3 Nc6 9. Bb5 a6 10. Nd5 Qd8 11. Bxc6+ bxc6 12. Nb4 Qd7 13. O-O d5 14. Qe1 Be7
15. e5 Nf5 16. Bf2 O-O 17. Nd3 Qe6 18. Nf4 Qh6 19. Ng2 Qg6 20. Kh1 Qh5 21. Qe2
Rfe8 22. Rg1 c5 23. c3 cxd4 24. cxd4 c5 25. Nf4 Qh6 26. Rg4 Rad8 27. Rag1 g6 28.
e6 Bd6 29. exf7+ Kxf7 30. Qxa6 Bxf4 31. R4g2 cxd4 32. Qd3 Ne3 33. Bxe3 dxe3 34.
b4 Qh5 35. Qe2 d4 36. Rd1 Re5 37. Qc4+ Kf6 38. Qc7 Rdd5 39. Qc6+ Re6 40. Qc4
Qxf3 41. Rxd4 Rxd4 42. Qxd4+ Kf5 43. Qd3+ Qe4 44. Qb5+ Kf6 45. Qe2 Rd6 46. Kg1
Rd2 47. Qa6+ Kg7 0-1

[Event "AUTO-OPEN-4053"]
[Site "http://www.queenalice.com/game.php?id=1580669"]
[Date "2019.8.18"]
[Round "2"]
[White "Sigmund"]
[Black "lfcanales"]
[Result "0-1"]
[WhiteElo "1763"]
[BlackElo "2056"]

1. e4 e5 2. Bc4 Nf6 3. d3 h6 4. Nf3 Nc6 5. O-O d5 6. exd5 Nxd5 7. h3 Be6 8. Re1
Bd6 9. c3 O-O 10. d4 exd4 11. cxd4 Qf6 12. Nc3 Nce7 13. Bd3 Nf4 14. Ne4 Qg6 15.
Bxf4 Bxf4 16. Qe2 Bf5 17. Nh4 Qe6 18. Nxf5 Nxf5 19. b3 Nxd4 20. Qb2 Be5 21. Qd2
b6 22. Bc4 Qg6 23. f4 Nf3+ 0-1

[Event "AUTO-OPEN-4053"]
[Site "http://www.queenalice.com/game.php?id=1580670"]
[Date "2019.8.18"]
[Round "2"]
[White "lfcanales"]
[Black "Sigmund"]
[Result "1-0"]
[WhiteElo "2044"]
[BlackElo "1753"]

1. e4 e5 2. f4 exf4 3. Nf3 Nc6 4. d4 d5 5. e5 Bg4 6. c3 Nge7 7. Bxf4 h6 8. Bb5
g5 9. Bg3 a6 10. Ba4 b5 11. Bc2 Nf5 12. Bf2 Bg7 13. O-O O-O 14. Nbd2 Re8 15. Qb1
Qd7 16. h3 Bh5 17. Bxf5 Qe7 18. g4 Bg6 19. Bxg6 fxg6 20. Qxg6 Qe6 21. Qd3 Ne7
22. Nb3 Ng6 23. Nc5 Qe7 24. Qxg6 Rf8 25. Bg3 Kh8 26. Ne6 Rg8 27. Nxg7 Rxg7 28.
Qd3 c6 29. e6 Re8 30. Be5 1-0

[Event "AUTO-OPEN-4053"]
[Site "http://www.queenalice.com/game.php?id=1580675"]
[Date "2019.8.18"]
[Round "2"]
[White "chessman"]
[Black "lfcanales"]
[Result "1-0"]
[WhiteElo "2048"]
[BlackElo "2021"]

1. e4 e5 2. Nf3 Nc6 3. Bc4 Bc5 4. O-O Nf6 5. b4 Bxb4 6. c3 Ba5 7. d4 exd4 8. e5
Ng8 9. cxd4 d5 10. exd6 Qxd6 11. Qe2+ Nge7 12. Ba3 Bb4 13. Bb2 O-O 14. Nbd2 Bg4
15. d5 Nd4 16. Qd3 Ndf5 17. Be5 Qg6 18. Ne4 Bh3 19. Ng3 Nxg3 20. Qxg6 Nxg6 21.
Bxg3 Bg4 22. Ne5 Bf5 23. Nxg6 hxg6 24. Bxc7 Rfc8 25. d6 Bxd6 26. Bxf7+ Kxf7 27.
Bxd6 Rc2 28. Rfe1 Rac8 29. Bf4 Be6 30. a4 a6 31. Be3 R8c4 32. a5 Bd5 33. Bb6 Kf6
34. Rad1 Rc6 35. Rxd5 g5 36. h3 1-0

[Event "AUTO-OPEN-4053"]
[Site "http://www.queenalice.com/game.php?id=1580676"]
[Date "2019.8.18"]
[Round "2"]
[White "lfcanales"]
[Black "chessman"]
[Result "0-1"]
[WhiteElo "2006"]
[BlackElo "2058"]

1. e4 e6 2. d4 d5 3. e5 c5 4. c3 Nc6 5. Nf3 cxd4 6. cxd4 Nge7 7. Bg5 Qb6 8. b3
Nf5 9. Be3 Bb4+ 10. Nbd2 Nfxd4 11. Nxd4 Nxd4 12. a3 Bc3 13. Ra2 Qxb3 14. Qxb3
Nxb3 15. Bb5+ Bd7 16. Bxd7+ Kxd7 17. O-O Bxd2 18. Bxd2 Nxd2 19. Rxd2 Rac8 20. f4
Rc3 21. Ra2 Rc4 22. Rb1 b6 23. g3 Rhc8 24. Kg2 Rc2+ 25. Rxc2 Rxc2+ 26. Kh3 Rc3
27. Ra1 Kc6 28. Kg4 b5 29. f5 Rc4+ 30. Kh3 exf5 31. Rf1 g6 32. Re1 Kd7 33. Rb1
a6 34. Kg2 Ke6 35. Re1 Rc3 36. a4 b4 37. a5 Rc2+ 38. Kh3 b3 0-1

[Event "AUTO-MASTER-2825"]
[Site "http://www.queenalice.com/game.php?id=1583085"]
[Date "2019.9.11"]
[Round "2"]
[White "HakunaMatata"]
[Black "lfcanales"]
[Result "1-0"]
[WhiteElo "2219"]
[BlackElo "2046"]

1. e4 e5 2. Nf3 Nc6 3. d4 exd4 4. c3 dxc3 5. Nxc3 Bc5 6. Bc4 Nge7 7. O-O O-O 8.
Bg5 h6 9. Bh4 d6 10. Nd5 Be6 11. Nxe7+ Nxe7 12. Bxe6 fxe6 13. Qb3 Qd7 14. Rad1
Qc6 15. Bxe7 1-0

[Event "AUTO-MASTER-2825"]
[Site "http://www.queenalice.com/game.php?id=1583086"]
[Date "2019.9.11"]
[Round "2"]
[White "lfcanales"]
[Black "HakunaMatata"]
[Result "0-1"]
[WhiteElo "1978"]
[BlackElo "2240"]

1. e4 e6 2. d4 d5 3. e5 c5 4. dxc5 Bxc5 5. Nf3 Qb6 6. Qd2 Nh6 7. Bd3 Nc6 8. h3
O-O 9. O-O Nd4 10. Ng5 Nhf5 11. c3 Nc6 12. Qf4 h6 13. Nf3 Nce7 14. b4 Ng6 15.
Qd2 Be7 16. Bxf5 exf5 17. Nd4 Be6 18. Qe2 Qc7 19. f4 a5 20. Bd2 axb4 21. cxb4
Qb6 22. Be3 Qxb4 23. Nd2 Bc5 24. N2b3 b6 25. Kh1 Rfc8 26. Bd2 Qa4 27. g4 Bxd4
28. Nxd4 Qxd4 29. Be3 Qc4 30. Qd1 Rxa2 31. Rxa2 Qxa2 32. Qb1 Qxb1 33. Rxb1 fxg4
34. hxg4 Bxg4 35. Rxb6 Rc4 36. Rb8+ Kh7 37. Rb7 Be6 38. Kg2 Nxf4+ 39. Kf3 Ng6
40. Ke2 Nxe5 41. Kd2 h5 42. Ke2 h4 43. Kf2 Ng4+ 44. Kf3 Nxe3 45. Kxe3 h3 46. Rb2
g5 47. Kf2 g4 48. Kg3 Rc3+ 49. Kh2 g3+ 0-1

[Event "AUTO-MASTER-2825"]
[Site "http://www.queenalice.com/game.php?id=1583089"]
[Date "2019.9.11"]
[Round "2"]
[White "luciano59"]
[Black "lfcanales"]
[Result "1-0"]
[WhiteElo "2431"]
[BlackElo "2037"]

1. e4 e5 2. f4 exf4 3. Nf3 Be7 4. Bc4 Bh4+ 5. g3 fxg3 6. O-O c6 7. Bxf7+ Ke7 8.
Nxh4 gxh2+ 9. Kxh2 Qc7+ 10. Kg2 Nf6 11. Bb3 Re8 12. d4 d6 13. e5 dxe5 14. dxe5
Nd5 15. Bg5+ 1-0

[Event "AUTO-MASTER-2825"]
[Site "http://www.queenalice.com/game.php?id=1583090"]
[Date "2019.9.11"]
[Round "2"]
[White "lfcanales"]
[Black "luciano59"]
[Result "0-1"]
[WhiteElo "2048"]
[BlackElo "2430"]

1. e4 e5 2. f4 exf4 3. Nf3 g5 4. Bc4 g4 5. Ne5 Qh4+ 6. Kf1 Nh6 7. d4 f3 8. Bxh6
Bxh6 9. Qe1 fxg2+ 10. Kxg2 Qh3+ 11. Kf2 d6 12. Qa5 Qe3+ 13. Kg2 Qxe4+ 14. Kg3
Bf4+ 0-1

[Event "AUTO-MASTER-2825"]
[Site "http://www.queenalice.com/game.php?id=1583093"]
[Date "2019.9.11"]
[Round "2"]
[White "lfcanales"]
[Black "Anusha"]
[Result "0-1"]
[WhiteElo "1947"]
[BlackElo "2152"]

1. e4 e6 2. d4 d5 3. e5 c5 4. c3 Bd7 5. Nf3 Nc6 6. Be2 Qb6 7. O-O Nge7 8. dxc5
Qxc5 9. Be3 Qa5 10. Bd3 Qc7 11. Bf4 Ng6 12. Bxg6 hxg6 13. Qe2 Bc5 14. b4 Be7 15.
Qd2 Bd8 16. Na3 Ne7 17. h3 Nf5 18. Rac1 a6 19. Nc2 Be7 20. Bg5 Bxg5 21. Qxg5 Rh5
22. Qd2 Rh8 23. Ne3 Bb5 24. Rfe1 O-O-O 25. Nd4 Bc4 26. a4 Qe7 27. Ndxf5 gxf5 28.
Nxc4 dxc4 29. Qe3 Kb8 30. Rcd1 Rc8 31. Rd4 g5 32. Red1 Rc7 33. Rd6 g4 34. hxg4
fxg4 35. R1d4 Qh4 36. Rd8+ Rxd8 37. Rxd8+ Qxd8 38. Qf4 Rd7 39. Qxc4 Rd1+ 40. Kh2
Qh4# 0-1

[Event "AUTO-MASTER-2825"]
[Site "http://www.queenalice.com/game.php?id=1583094"]
[Date "2019.9.11"]
[Round "2"]
[White "Anusha"]
[Black "lfcanales"]
[Result "1-0"]
[WhiteElo "2093"]
[BlackElo "1939"]

1. d4 d5 2. Nf3 Nf6 3. Bf4 Bf5 4. e3 a6 5. Be2 e6 6. O-O h6 7. Nbd2 c5 8. c3 c4
9. h3 Bd6 10. Ne5 O-O 11. Bh2 Qb6 12. Qc1 Nbd7 13. f4 Qc7 14. g4 Be4 15. Nxe4
Nxe4 16. Qe1 Be7 17. Nf3 Qb6 18. Rb1 Qd8 19. Kh1 b5 20. Bd1 a5 21. Bc2 f5 22. g5
hxg5 23. fxg5 Bxg5 24. h4 Be7 25. h5 Kh7 26. Rg1 Rh8 27. Qe2 Ndf6 28. Bxe4 Nxe4
29. Qg2 Rg8 30. Qg6+ Kh8 31. h6 Bf6 32. hxg7+ Rxg7 33. Qh6+ Kg8 34. Rxg7+ Bxg7
35. Qxe6+ Kh8 36. Qxf5 b4 37. Qh5+ Kg8 38. Rg1 Kf8 39. Rf1 Ke7 40. Nh4 Nf6 41.
Nf5+ Kf8 42. Bd6+ Kg8 43. Qg6 Qd7 44. Kg2 Ra6 45. Nh6+ Kh8 46. Nf7+ Kg8 47. Rxf6
bxc3 48. bxc3 Qb7 49. Nh6+ Kh8 50. Rf8+ Bxf8 51. Qg8# 1-0

[Event "AUTO-OPEN-4038"]
[Site "http://www.queenalice.com/game.php?id=1584300"]
[Date "2019.9.23"]
[Round "2"]
[White "lfcanales"]
[Black "junipero"]
[Result "1/2-1/2"]
[WhiteElo "1945"]
[BlackElo "1985"]

1. e4 c5 2. e5 Nc6 3. f4 d5 4. Nf3 e6 5. Bb5 Ne7 6. O-O Bd7 7. c4 a6 8. cxd5
exd5 9. Bxc6 Bxc6 10. d4 Ng6 11. f5 Ne7 12. Qc2 cxd4 13. Nxd4 h6 14. f6 gxf6 15.
exf6 Ng6 16. Re1+ Kd7 17. Bd2 Qxf6 18. Nxc6 bxc6 19. Bc3 d4 20. Ba5 Bd6 21. Nd2
Rhe8 22. Ne4 Qf5 23. Rac1 Rac8 24. Nxd6 Rxe1+ 25. Bxe1 Qxc2 26. Rxc2 Kxd6 27.
Kf2 c5 28. b3 Ne5 29. Bd2 c4 30. bxc4 Rxc4 31. Rxc4 Nxc4 32. Bxh6 d3 33. Ke1 Ke5
34. h4 Kf6 35. Bf4 Kf5 36. g3 Kg4 37. a4 f5 38. Kf2 Nb2 39. Ke3 Nxa4 40. Kxd3
Nb6 41. Kd4 a5 42. Kc5 Nd7+ 43. Kb5 Nf6 44. Kxa5 Nh5 45. Be5 Nxg3 46. Bxg3 Kxg3
47. h5 f4 48. h6 f3 49. h7 f2 50. h8=Q f1=Q 51. Qg7+ Kh4 52. Qh6+ 1/2-1/2

[Event "AUTO-OPEN-4038"]
[Site "http://www.queenalice.com/game.php?id=1584301"]
[Date "2019.9.23"]
[Round "2"]
[White "junipero"]
[Black "lfcanales"]
[Result "1-0"]
[WhiteElo "2035"]
[BlackElo "1962"]

1. d4 d5 2. c4 e6 3. Nc3 Nf6 4. e3 Be7 5. Nf3 O-O 6. a3 a6 7. c5 Nc6 8. Bd3 h6
9. O-O Nh7 10. Qc2 Ng5 11. Nxg5 Bxg5 12. b4 e5 13. dxe5 Nxe5 14. Be2 Be6 15. Bb2
Bf6 16. Rad1 c6 17. h3 Qd7 18. Na4 Rad8 19. Nb6 Qe7 20. a4 Nd7 21. Bxf6 Qxf6 22.
Nxd7 Bxd7 23. b5 axb5 24. axb5 cxb5 25. Rxd5 Bc6 26. Rxd8 Rxd8 27. Rb1 Qg5 28.
Bf1 Bd7 29. f4 Qg3 30. Qf2 Qg6 31. Rd1 Qc6 32. Qc2 Re8 33. Qd3 Be6 34. Qxb5 Bd5
35. Rxd5 Qxb5 36. Bxb5 Rxe3 37. Rd8+ Kh7 38. Rd7 1-0

[Event "AUTO-OPEN-4038"]
[Site "http://www.queenalice.com/game.php?id=1584302"]
[Date "2019.9.23"]
[Round "2"]
[White "lfcanales"]
[Black "Rachman"]
[Result "0-1"]
[WhiteElo "1947"]
[BlackElo "2491"]

1. e4 e6 2. d4 d5 3. e5 c5 4. c3 Qb6 5. Nf3 Nc6 6. b3 cxd4 7. cxd4 Bb4+ 8. Bd2
Nxd4 9. Bxb4 Qxb4+ 10. Nbd2 Nxf3+ 11. Qxf3 Ne7 12. Bd3 Ng6 13. Bxg6 hxg6 14. a3
Qd4 15. Rd1 Qxe5+ 16. Kf1 Rxh2 17. Rg1 Bd7 18. Re1 Qb2 19. Qxd5 O-O-O 20. Qc4+
Bc6 21. Nf3 Rh5 22. a4 Kb8 23. Qf4+ Ka8 24. g4 Rh3 25. Ne5 Bd5 26. Nc4 Qxb3 27.
Ne3 Qd3+ 28. Re2 Bf3 0-1

[Event "AUTO-OPEN-4038"]
[Site "http://www.queenalice.com/game.php?id=1584303"]
[Date "2019.9.23"]
[Round "2"]
[White "Rachman"]
[Black "lfcanales"]
[Result "1-0"]
[WhiteElo "2490"]
[BlackElo "1949"]

1. c4 e5 2. g3 Nc6 3. Bg2 Bc5 4. e3 d6 5. a3 Bf5 6. b4 Bb6 7. d3 Nf6 8. Nc3 a6
9. Bb2 O-O 10. h3 h6 11. Nge2 Qc8 12. g4 Bd7 13. Rc1 Ne7 14. d4 exd4 15. exd4
Nh7 16. c5 dxc5 17. dxc5 Ba7 18. O-O c6 19. Qd4 Ng5 20. Nd5 Nxd5 21. Qxg7# 1-0

[Event "AUTO-OPEN-4038"]
[Site "http://www.queenalice.com/game.php?id=1584304"]
[Date "2019.9.23"]
[Round "2"]
[White "lfcanales"]
[Black "Foliko"]
[Result "0-1"]
[WhiteElo "1989"]
[BlackElo "2114"]

1. e4 c6 2. d4 d5 3. exd5 Qxd5 4. c4 Qa5+ 5. Nc3 Bf5 6. Bd2 Qc7 7. Nf3 e6 8. Be2
Nf6 9. c5 Be7 10. O-O Nbd7 11. Qc1 b6 12. b4 O-O 13. Nh4 Bg6 14. Nxg6 hxg6 15.
Bf4 Qb7 16. h3 Nd5 17. Nxd5 exd5 18. a4 a6 19. Re1 Rfe8 20. Rb1 Nf6 21. b5 bxc5
22. dxc5 axb5 23. axb5 cxb5 24. Bxb5 Red8 25. c6 Qa7 26. c7 Ne4 27. cxd8=Q+ Rxd8
28. Qe3 Bc5 29. Qe2 Bxf2+ 30. Kh2 g5 31. Be3 Qc7+ 32. g3 Qxg3+ 0-1

[Event "AUTO-OPEN-4038"]
[Site "http://www.queenalice.com/game.php?id=1584305"]
[Date "2019.9.23"]
[Round "2"]
[White "Foliko"]
[Black "lfcanales"]
[Result "1-0"]
[WhiteElo "2122"]
[BlackElo "1972"]

1. e4 e5 2. Nf3 Nc6 3. d4 exd4 4. Bc4 Bb4+ 5. c3 dxc3 6. Nxc3 Nf6 7. O-O Bxc3 8.
bxc3 O-O 9. Bg5 h6 10. Bh4 d6 11. Qc2 Ne5 12. Nxe5 dxe5 13. Rfd1 Qe7 14. h3 Be6
15. Bb3 Bxb3 16. axb3 Qe6 17. c4 Nd7 18. Bg3 a6 19. b4 c5 20. b5 Nb6 21. bxa6
bxa6 22. Ra5 Nxc4 23. Rxc5 Rfc8 24. Rdd5 Rxc5 25. Rxc5 Rc8 26. Rxc8+ Qxc8 27.
Bxe5 Qe6 28. Bf4 a5 29. f3 g5 30. Bg3 Qb6+ 31. Kh2 Qb5 32. Be1 a4 33. Bc3 a3 34.
Qd1 Qb8+ 35. Kg1 Qb6+ 36. Kh1 a2 37. Qa4 Qb1+ 38. Kh2 Qb8+ 39. g3 Ne5 40. Qxa2
Nxf3+ 41. Kg2 Ne5 42. Qa6 Kh7 43. Qf6 1-0

[Event "AUTO-OPEN-4052"]
[Site "http://www.queenalice.com/game.php?id=1584842"]
[Date "2019.9.26"]
[Round "2"]
[White "kingdave"]
[Black "lfcanales"]
[Result "1-0"]
[WhiteElo "2257"]
[BlackElo "1995"]

1. e4 e5 2. Bc4 Nf6 3. d3 h6 4. Nc3 Bc5 5. Be3 Bxe3 6. fxe3 d6 7. Nf3 O-O 8. O-O
Nc6 9. Qe1 Na5 10. Bb3 Nxb3 11. axb3 Re8 12. Qg3 Nh5 13. Qf2 f6 14. Qh4 g6 15.
g4 Ng7 16. Qxh6 Bxg4 17. Qxg6 Bh5 18. Qh6 Kf7 19. Ng5+ Kg8 20. Qh7+ Kf8 21. Qh8+
1-0

[Event "AUTO-OPEN-4052"]
[Site "http://www.queenalice.com/game.php?id=1584843"]
[Date "2019.9.26"]
[Round "2"]
[White "lfcanales"]
[Black "kingdave"]
[Result "0-1"]
[WhiteElo "2001"]
[BlackElo "2253"]

1. e4 Nf6 2. e5 Nd5 3. c4 Nb6 4. d4 d6 5. f4 Bf5 6. Nf3 e6 7. Be2 dxe5 8. fxe5
c5 9. Be3 Nc6 10. O-O cxd4 11. Bxd4 Nxd4 12. Nxd4 Bc5 13. Rf4 g5 14. Rf1 Bxd4+
15. Kh1 Bxb2 16. c5 Qxd1 17. Bxd1 Nd7 18. Nc3 Bxa1 19. Nb5 Bxe5 20. h3 Bd3 21.
Re1 Bxb5 22. a4 Bc6 0-1